[Event "OLNO 1920 SC Weisse Dame - SV Empor Ber"]
[Site "?"]
[Date "2019.09.29"]
[Round "1.1"]
[White "Volke, Karsten"]
[Black "Moeller, Hendrik"]
[Result "0-1"]
[WhiteElo "2463"]
[BlackElo "2252"]
[PlyCount "88"]
[EventDate "2019.??.??"]

1. d4 d5 2. c4 e6 3. Nc3 c5 4. cxd5 exd5 5. Nf3 Nc6 6. g3 Nf6 7. Bg2 Be7 8. O-O
O-O 9. Bg5 c4 10. Ne5 Be6 11. b3 h6 12. Nxc6 bxc6 13. Bxf6 Bxf6 14. bxc4 dxc4
15. e3 Qa5 16. Ne4 Be7 17. Qc2 Rac8 18. Rfd1 Rfd8 19. Nd2 Qa6 20. Rab1 g6 21.
a4 Rc7 22. Ne4 Rcd7 23. Nc3 Bg4 24. Rdc1 Ba3 25. Re1 Be6 26. Qa2 Be7 27. a5 Bf5
28. Rb2 Bd3 29. Bf1 c5 30. Bxd3 cxd3 31. dxc5 Bxc5 32. Rd1 Be7 33. Rbb1 Qc6 34.
Qb3 Bf6 35. Na2 d2 36. Nb4 Qb5 37. Qc2 Qxa5 38. e4 Rc7 39. Qb3 Rc3 40. Qa2 Qxa2
41. Nxa2 Rc4 42. Rb4 Rc2 43. Ra4 Rb8 44. Kf1 Rbb2 0-1

[Event "OLNO 1920 SC Weisse Dame - SV Empor Ber"]
[Site "?"]
[Date "2019.09.29"]
[Round "1.2"]
[White "Waldmann, Hans-Joachim"]
[Black "Thinius, Marco"]
[Result "0-1"]
[WhiteElo "2280"]
[BlackElo "2395"]
[PlyCount "110"]
[EventDate "2019.??.??"]

1. d4 Nf6 2. c4 e6 3. Nc3 Bb4 4. e3 b6 5. Bd3 Bb7 6. Nf3 O-O 7. Bd2 d5 8. cxd5
exd5 9. O-O Nbd7 10. Ne5 Nxe5 11. dxe5 Nd7 12. f4 Nc5 13. Bc2 d4 14. Na4 Bxd2
15. Qxd2 dxe3 16. Qxe3 Qd5 17. Rf2 Nxa4 18. Bxa4 Rad8 19. Bb3 Qd4 20. Re1 Qxe3
21. Rxe3 Bd5 22. Bc2 Rfe8 23. a3 f6 24. Rd2 fxe5 25. fxe5 Be6 26. Red3 Rxd3 27.
Rxd3 g6 28. Kf2 Bf5 29. Bb3+ Kf8 30. Re3 Rd8 31. h3 h5 32. Kf3 Rd4 33. Ba2 c5
34. Re1 Ke7 35. Ke3 h4 36. Re2 g5 37. Kf2 Rf4+ 38. Ke3 Re4+ 39. Kf2 Rxe2+ 40.
Kxe2 Be6 41. Bb1 Bd5 42. Bf5 Bxg2 43. Ke3 Bd5 44. Bg4 Be6 45. Kf3 Bd5+ 46. Ke3
a5 47. Kf2 b5 48. Ke3 b4 49. Kf2 Be6 50. Kf3 c4 51. axb4 axb4 52. Bxe6 Kxe6 53.
Ke4 c3 54. bxc3 bxc3 55. Kd3 g4 0-1

[Event "OLNO 1920 SC Weisse Dame - SV Empor Ber"]
[Site "?"]
[Date "2019.09.29"]
[Round "1.3"]
[White "Foerster, Jonas"]
[Black "Venske, Kai-Gerrit"]
[Result "1-0"]
[WhiteElo "2261"]
[BlackElo "2175"]
[PlyCount "65"]
[EventDate "2019.??.??"]

1. Nf3 f5 2. b3 d6 3. d4 Nf6 4. e3 g6 5. Bc4 e6 6. h4 Bg7 7. Nbd2 Nc6 8. Bb2 a6
9. Qe2 Qe7 10. O-O-O b5 11. Bd3 d5 12. Kb1 h6 13. Rh3 Ne4 14. Bxe4 fxe4 15. Ne5
Bxe5 16. dxe5 Bd7 17. f4 exf3 18. Nxf3 O-O 19. e4 dxe4 20. Qxe4 Be8 21. Bc1 Qg7
22. Nd4 Qxe5 23. Qxe5 Nxe5 24. Nxe6 Rf2 25. Nxc7 Rc8 26. Nxe8 Rxe8 27. Re3 Re7
28. Rde1 Rc7 29. Rxe5 Rfxc2 30. Re6 g5 31. hxg5 hxg5 32. Rxa6 Kf7 33. g4 1-0

[Event "OLNO 1920 SC Weisse Dame - SV Empor Ber"]
[Site "?"]
[Date "2019.09.29"]
[Round "1.4"]
[White "Uhl, Heinz"]
[Black "Urban, Julian"]
[Result "0-1"]
[WhiteElo "2144"]
[BlackElo "2236"]
[PlyCount "98"]
[EventDate "2019.??.??"]

1. c4 Nc6 2. Nc3 e5 3. g3 f5 4. e3 Nf6 5. d4 Bb4 6. d5 Ne7 7. Bd2 c6 8. a3 Bd6
9. e4 O-O 10. exf5 cxd5 11. g4 d4 12. Nb5 Bb8 13. c5 Ne4 14. Qe2 Nxd2 15. Qxd2
a6 16. Nd6 Bxd6 17. cxd6 Nc6 18. Bc4+ Kh8 19. Nf3 b5 20. Bd5 Bb7 21. O-O-O Na5
22. Bxb7 Nb3+ 23. Kc2 Nxd2 24. Bxa8 Qxa8 25. Nxd2 Qd5 26. f3 g6 27. fxg6 hxg6
28. h4 Qxd6 29. g5 Qe6 30. h5 Kg7 31. hxg6 Qxg6+ 32. Kb3 Qe6+ 33. Kc2 d5 34.
Rh6 Qf5+ 35. Kb3 a5 36. Ka2 Qc2 37. Rhh1 b4 38. Nb1 Rxf3 39. Rc1 Qb3+ 40. Ka1
bxa3 41. Nxa3 Rf2 42. Rc7+ Kg6 43. Rb1 e4 44. Rc6+ Kxg5 45. Rc5 Rxb2 46. Rxd5+
Qxd5 47. Kxb2 d3 48. Kc3 Qe5+ 49. Kd2 Qd4 0-1

[Event "OLNO 1920 SC Weisse Dame - SV Empor Ber"]
[Site "?"]
[Date "2019.09.29"]
[Round "1.5"]
[White "Sulayev, Daniel"]
[Black "Abraham, Ingo"]
[Result "1/2-1/2"]
[WhiteElo "2149"]
[BlackElo "2203"]
[PlyCount "71"]
[EventDate "2019.??.??"]

1. c4 e6 2. g3 d5 3. Nf3 Nf6 4. Bg2 Be7 5. b3 O-O 6. O-O c5 7. cxd5 Nxd5 8. Bb2
Nc6 9. Nc3 Bf6 10. Qc1 b6 11. Nxd5 exd5 12. d4 Nxd4 13. Nxd4 cxd4 14. Qf4 Ba6
15. Rfe1 Re8 16. Bxd4 Bxd4 17. Qxd4 Rxe2 18. Rxe2 Bxe2 19. Re1 Bb5 20. Bxd5 Bc6
21. Rd1 Bxd5 22. Qxd5 Qe8 23. Qb7 Rd8 24. Rxd8 Qxd8 25. Qxa7 Qd1+ 26. Kg2 Qd5+
27. f3 Qd2+ 28. Kh3 Qh6+ 29. Kg4 Qe6+ 30. Kf4 Qd6+ 31. Ke4 Qc6+ 32. Kd4 Qd6+
33. Kc3 Qc5+ 34. Kb2 Qd4+ 35. Ka3 Qc5+ 36. Kb2 {(=)} 1/2-1/2

[Event "OLNO 1920 SC Weisse Dame - SV Empor Ber"]
[Site "?"]
[Date "2019.09.29"]
[Round "1.6"]
[White "Kaiser, Martin"]
[Black "Meissner, Hans-Juergen"]
[Result "1/2-1/2"]
[WhiteElo "2146"]
[BlackElo "2222"]
[PlyCount "39"]
[EventDate "2019.??.??"]

1. e4 c5 2. c3 Nf6 3. e5 Nd5 4. d4 cxd4 5. Nf3 e6 6. cxd4 d6 7. Nc3 Nxc3 8.
bxc3 Qc7 9. Bd2 Nd7 10. Bd3 dxe5 11. O-O Bd6 12. Re1 a6 13. Qe2 exd4 14. cxd4
O-O 15. Qe4 g6 16. Qh4 Re8 17. Ng5 Nf8 18. Ne4 Be7 19. Bg5 Bxg5 20. Nd6 1/2-1/2

[Event "OLNO 1920 SC Weisse Dame - SV Empor Ber"]
[Site "?"]
[Date "2019.09.29"]
[Round "1.7"]
[White "Jahn, Thomas"]
[Black "Kyritz, Michael"]
[Result "1/2-1/2"]
[WhiteElo "2217"]
[BlackElo "2248"]
[PlyCount "83"]
[EventDate "2019.??.??"]

1. e4 c5 2. Nf3 e6 3. d4 cxd4 4. Nxd4 Nf6 5. Bd3 d6 6. O-O Be7 7. Nc3 a6 8. Be3
O-O 9. Kh1 Qc7 10. f4 Nbd7 11. Qf3 Nc5 12. Qg3 Rd8 13. e5 Nh5 14. Qf3 g6 15. f5
Nxd3 16. fxg6 fxg6 17. Qf7+ Kh8 18. cxd3 dxe5 19. Nxe6 Bxe6 20. Qxe6 Qd6 21.
Qxd6 Rxd6 22. Rf7 Re8 23. Bc5 Re6 24. Rxe7 R6xe7 25. Bxe7 Rxe7 26. Re1 Nf6 27.
h3 Kg7 28. Kg1 b5 29. a3 h6 30. Ne4 Nxe4 31. Rxe4 Kf6 32. Kf2 Rc7 33. Re2 a5
34. Ke3 b4 35. axb4 axb4 36. d4 b3 37. dxe5+ Kxe5 38. g3 Rc6 39. Kd3+ Kd5 40.
Rf2 Ke5 41. Re2+ Kd5 42. Rf2 {(=)} 1/2-1/2

[Event "OLNO 1920 SG Lok Brandenburg - SC Weiss"]
[Site "?"]
[Date "2019.10.20"]
[Round "2.1"]
[White "Waldmann, Hans-Joachim"]
[Black "Rehberg, Raphael"]
[Result "1/2-1/2"]
[WhiteElo "2280"]
[BlackElo "2244"]
[PlyCount "94"]
[EventDate "2019.??.??"]

1. d4 d5 2. c4 e6 3. Nc3 c6 4. e3 Nf6 5. Bd3 Bd6 6. Nf3 Nbd7 7. e4 dxe4 8. Nxe4
Nxe4 9. Bxe4 c5 10. O-O O-O 11. b3 cxd4 12. Qxd4 Bc5 13. Qc3 Qf6 14. Bb2 Qxc3
15. Bxc3 Nf6 16. Bc2 b6 17. Ng5 Be7 18. Rad1 Rd8 19. Bxf6 gxf6 20. Bxh7+ Kg7
21. Be4 Rb8 22. Rxd8 Bxd8 23. Rd1 Be7 24. Nf3 f5 25. Bc6 Kf6 26. Nd4 a6 27. a4
e5 28. Ne2 Be6 29. Nc3 e4 30. g3 Rd8 31. Rxd8 Bxd8 32. Bb7 a5 33. Bc6 Ke5 34.
Ne2 Kd6 35. Bb5 Kc5 36. Kf1 Kb4 37. Nd4 Bf6 38. Nxe6 fxe6 39. Ke2 Kxb3 40. h4
f4 41. gxf4 Bxh4 42. Ke3 Kb4 43. Bd7 Kxc4 44. Bxe6+ Kc5 45. f5 Kd6 46. Kxe4
Bxf2 47. Bc4 Ke7 1/2-1/2

[Event "OLNO 1920 SG Lok Brandenburg - SC Weiss"]
[Site "?"]
[Date "2019.10.20"]
[Round "2.3"]
[White "Uhl, Heinz"]
[Black "Walter, Guenter"]
[Result "1-0"]
[WhiteElo "2144"]
[BlackElo "2146"]
[PlyCount "77"]
[EventDate "2019.??.??"]

1. c4 e5 2. Nc3 Nf6 3. g3 c6 4. Nf3 d6 5. Bg2 Be7 6. d4 Nbd7 7. O-O Qc7 8. b4
a5 9. b5 c5 10. dxe5 dxe5 11. Ng5 Nb6 12. f4 O-O 13. Qc2 h6 14. fxe5 hxg5 15.
exf6 Bxf6 16. Rxf6 gxf6 17. Ne4 Qe7 18. Qb2 Nd7 19. Bd2 f5 20. Nxg5 Nb6 21. Qc3
f6 22. Nh3 Qe5 23. Qc1 Be6 24. Bc3 Qc7 25. Qh6 Qg7 26. Qe3 Rae8 27. Qxc5 Nxc4
28. Nf4 Bf7 29. Bxb7 Ne3 30. Bc6 Qh6 31. Bxe8 Rxe8 32. Bd4 Ng4 33. h4 Qg7 34.
Qxf5 Ne5 35. b6 Nc6 36. Bb2 Rb8 37. Rf1 Rxb6 38. Bxf6 Qh7 39. Qg5+ 1-0

[Event "OLNO 1920 SG Lok Brandenburg - SC Weiss"]
[Site "?"]
[Date "2019.10.20"]
[Round "2.4"]
[White "Urban, Hans-Rainer"]
[Black "Abraham, Ingo"]
[Result "0-1"]
[WhiteElo "2096"]
[BlackElo "2203"]
[PlyCount "102"]
[EventDate "2019.??.??"]

1. e4 c5 2. Nf3 e6 3. b3 d6 4. Bb2 Nf6 5. Bb5+ Nbd7 6. Qe2 Be7 7. Nc3 O-O 8.
O-O-O a6 9. Bxd7 Nxd7 10. h4 b5 11. g4 b4 12. Na4 e5 13. c4 bxc3 14. dxc3 c4
15. Qxc4 Nb6 16. Nxb6 Qxb6 17. Qd3 Qxf2 18. Rdg1 a5 19. Rh2 Qb6 20. c4 a4 21.
Rc2 axb3 22. axb3 Bb7 23. Re1 Qc5 24. Qe3 Qb4 25. g5 Rfb8 26. Qc3 Bc8 27. Qxb4
Rxb4 28. Nd2 f6 29. Rg1 Kf7 30. Rc3 f5 31. Rf3 f4 32. h5 Ke6 33. Rd3 Bb7 34. g6
h6 35. Re1 Bc6 36. Kc2 Bh4 37. Rd1 Bf2 38. Kc3 Rbb8 39. Nf3 Bc5 40. Nd2 Ra7 41.
Re1 Ra2 42. Kc2 Ba3 43. Rb1 Bb4 44. Re1 Rba8 45. Rc3 Bxc3 46. Kxc3 f3 47. Nxf3
Rf8 48. Nh4 Rf4 49. Nf5 Rf3+ 50. Kc2 Bxe4+ 51. Rxe4 Rf2+ 0-1

[Event "OLNO 1920 SG Lok Brandenburg - SC Weiss"]
[Site "?"]
[Date "2019.10.20"]
[Round "2.6"]
[White "Rettig, Maik"]
[Black "Prange, Stefan"]
[Result "1/2-1/2"]
[WhiteElo "2018"]
[BlackElo "2180"]
[PlyCount "110"]
[EventDate "2019.??.??"]

1. d4 Nf6 2. Nf3 c5 3. c3 e6 4. Bg5 d5 5. e3 Be7 6. Nbd2 Nbd7 7. Bd3 O-O 8. Rc1
b6 9. O-O Bb7 10. Ne5 Nxe5 11. dxe5 Nd7 12. Bxe7 Qxe7 13. f4 f5 14. Nf3 Rfd8
15. Qe2 Bc6 16. h3 Nf8 17. g4 g6 18. Rf2 Kh8 19. Rd1 a5 20. Rh2 Qb7 21. Kf2 Rd7
22. Bb5 Rad8 23. g5 Kg8 24. h4 Re7 25. a4 Qd7 26. Bxc6 Qxc6 27. b3 Qe8 28. Rd2
Rc7 29. c4 Rcd7 30. Ke1 dxc4 31. Qxc4 Rxd2 32. Rxd2 Rxd2 33. Kxd2 Qc6 34. Ke2
Kf7 35. e4 Nd7 36. Ke3 Ke7 37. Nd2 Nb8 38. Qd3 Qd7 39. Qxd7+ Nxd7 40. Kd3 Nb8
41. Nc4 fxe4+ 42. Kxe4 Nd7 43. Kd3 Kd8 44. Nd6 Kc7 45. Kc4 Kc6 46. Ne8 Nf8 47.
Nf6 Kc7 48. Kb5 Kb7 49. Ne8 Nd7 50. Ng7 Nf8 51. Ne8 Nd7 52. Nf6 Nf8 53. Ne4 Nd7
54. Ng3 Nf8 55. Ne4 Nd7 1/2-1/2

[Event "OLNO 1920 SG Lok Brandenburg - SC Weiss"]
[Site "?"]
[Date "2019.10.20"]
[Round "2.7"]
[White "Gross, Thorsten"]
[Black "Schulz, Norbert"]
[Result "1-0"]
[WhiteElo "2161"]
[BlackElo "2082"]
[PlyCount "49"]
[EventDate "2019.??.??"]

1. e4 e5 2. Nf3 Nc6 3. Bb5 d6 4. O-O Nf6 5. Re1 Be7 6. c3 O-O 7. d4 exd4 8.
cxd4 Bg4 9. Bxc6 bxc6 10. Nc3 Rb8 11. Qd3 Rb6 12. Nd2 Qc8 13. Na4 Rb4 14. b3
Nh5 15. Nf1 Bd7 16. Bd2 Rb8 17. Qc4 c5 18. dxc5 Bb5 19. Qc2 Bxa4 20. bxa4 dxc5
21. Be3 Qg4 22. Rac1 Nf4 23. Ng3 Rfd8 24. f3 Qh4 25. Nf5 1-0

[Event "OLNO 1920 SF Berlin III - SK König Tege"]
[Site "?"]
[Date "2019.10.06"]
[Round "2.1"]
[White "Giemsa, Stephan"]
[Black "Nogly, Christoph"]
[Result "1/2-1/2"]
[WhiteElo "2291"]
[BlackElo "2245"]
[PlyCount "68"]
[EventDate "2019.??.??"]

1. d4 d5 2. c4 e6 3. Nf3 a6 4. cxd5 exd5 5. Nc3 c6 6. Qc2 Nf6 7. Bg5 Be6 8. e3
Nbd7 9. Bd3 h6 10. Bf4 Nh5 11. O-O g5 12. Be5 Ng7 13. Bg3 Nh5 14. Be5 Ng7 15.
Bg3 Nh5 16. e4 Nxg3 17. hxg3 dxe4 18. Bxe4 Bg7 19. Bf5 Bxf5 20. Qxf5 O-O 21.
Rad1 Nf6 22. Ne5 Qb6 23. Nc4 Qc7 24. Ne3 Rfe8 25. Qf3 Re6 26. Nf5 Rd8 27. Rfe1
Qd7 28. Rxe6 Qxe6 29. g4 Re8 30. Qh3 Kh7 31. Qd3 Kg8 32. Qh3 Kh7 33. Qd3 Kg8
34. Qh3 Kh7 1/2-1/2

[Event "OLNO 1920 SF Berlin III - SK König Tege"]
[Site "?"]
[Date "2019.10.06"]
[Round "2.2"]
[White "Hoffmann, Udo"]
[Black "Jahnz, Fabian"]
[Result "1-0"]
[WhiteElo "2299"]
[BlackElo "2239"]
[PlyCount "65"]
[EventDate "2019.??.??"]

1. e4 e5 2. Nf3 Nc6 3. Bb5 a6 4. Ba4 Nf6 5. d3 b5 6. Bb3 Be7 7. O-O Bb7 8. a4
b4 9. c3 O-O 10. a5 d6 11. Nbd2 bxc3 12. bxc3 Nb8 13. Qc2 c5 14. Re1 Nc6 15.
Qa2 Qc7 16. Nc4 Rab8 17. Bd2 Bd8 18. Bg5 h6 19. Bxf6 Bxf6 20. Ne3 Bd8 21. Bd5
Nxa5 22. Bxb7 Rxb7 23. Reb1 Kh7 24. Nd5 Qc8 25. Rxb7 Qxb7 26. Rb1 Qa7 27. Qa4
c4 28. d4 exd4 29. Nxd4 Qc5 30. Rb8 Be7 31. Rxf8 Bxf8 32. Qe8 Nb3 33. Qxf7 1-0

[Event "OLNO 1920 SF Berlin III - SK König Tege"]
[Site "?"]
[Date "2019.10.06"]
[Round "2.4"]
[White "Van Hasselt, Frank"]
[Black "Dimitrijeski, Kristian"]
[Result "1-0"]
[WhiteElo "2229"]
[BlackElo "2156"]
[PlyCount "95"]
[EventDate "2019.??.??"]

1. c4 c6 2. g3 d5 3. Bg2 Nf6 4. Nf3 dxc4 5. O-O Nbd7 6. a4 e5 7. Na3 e4 8. Ng5
Nc5 9. Nxc4 h6 10. Nh3 Be6 11. Qc2 Qd4 12. Ne3 Bb3 13. Qc3 Qxc3 14. bxc3 O-O-O
15. a5 Be6 16. Nf4 Nb3 17. Nxe6 fxe6 18. Ra2 Bc5 19. Nc4 g5 20. a6 Nxc1 21.
Rxc1 Rhf8 22. axb7+ Kxb7 23. Rb1+ Kc7 24. Ra5 Rd5 25. d4 Bb6 26. Ra2 Rb5 27.
Rba1 Rb8 28. e3 Rb3 29. Rc2 Rb5 30. Nd2 Ra5 31. Rac1 Kd7 32. Nxe4 Nxe4 33. Bxe4
Bc7 34. c4 Bd6 35. Bg2 Rb4 36. Bf3 Rb8 37. e4 Ra3 38. Bg4 Ke7 39. d5 cxd5 40.
exd5 exd5 41. Re2+ Kf7 42. cxd5 Rab3 43. Kg2 Rb1 44. Rcc2 a5 45. Re6 Rd8 46.
Rc6 Bf8 47. Rc7+ Kg8 48. Rg6+ 1-0

[Event "OLNO 1920 SF Berlin III - SK König Tege"]
[Site "?"]
[Date "2019.10.06"]
[Round "2.5"]
[White "Niehaus, Frank"]
[Black "Weber, Daniel"]
[Result "1/2-1/2"]
[WhiteElo "2101"]
[BlackElo "2068"]
[PlyCount "29"]
[EventDate "2019.??.??"]

1. e4 e6 2. d4 d5 3. Bd3 c5 4. c3 dxe4 5. Bxe4 Nf6 6. Bf3 cxd4 7. cxd4 Qb6 8.
Ne2 Bd7 9. O-O Bc6 10. Nf4 Bxf3 11. Qxf3 Bd6 12. Nc3 O-O 13. d5 Bxf4 14. Bxf4
Nxd5 15. Nxd5 1/2-1/2

[Event "OLNO 1920 SF Berlin III - SK König Teg"]
[Site "?"]
[Date "2019.10.06"]
[Round "2.7"]
[White "Wierzbicki, Jirawat"]
[Black "Lachmann, Utz"]
[Result "1/2-1/2"]
[WhiteElo "2114"]
[BlackElo "2125"]
[PlyCount "98"]
[EventDate "2019.??.??"]

1. e4 c6 2. d4 d5 3. exd5 cxd5 4. Bd3 Nc6 5. c3 Qc7 6. Ne2 Bg4 7. O-O e6 8. Qe1
Bd6 9. f4 Nge7 10. Ng3 g6 11. b4 O-O 12. Na3 a6 13. Nc2 Rfe8 14. Bd2 Rac8 15.
Ne3 Bf5 16. Ngxf5 Nxf5 17. Bxf5 gxf5 18. Qf2 Kh8 19. Rac1 b5 20. Qf3 Rg8 21.
Kh1 Rg6 22. g4 fxg4 23. Nxg4 f5 24. Nf2 Rcg8 25. Rg1 Ne7 26. Nh3 Qc4 27. Ng5
R8g7 28. a3 Ng8 29. Rce1 Qa2 30. Re2 Be7 31. Be1 Qxa3 32. Rxe6 Rxe6 33. Nxe6
Rxg1+ 34. Kxg1 Qc1 35. Qg3 Bf6 36. Nf8 Ne7 37. Qf2 Bg7 38. Ne6 Ng6 39. Qd2 Qb1
40. Qe3 Bf6 41. Kg2 a5 42. bxa5 Qa2+ 43. Kh1 Qxa5 44. c4 Qa1 45. Ng5 Bxg5 46.
fxg5 bxc4 47. Qe8+ Kg7 48. Qd7+ Kh8 49. Qe8+ Kg7 1/2-1/2

[Event "OLNO 1920 SF Berlin III - SK König Tege"]
[Site "?"]
[Date "2019.10.06"]
[Round "2.8"]
[White "Lindhauer, Thorben"]
[Black "Acikel, Mert"]
[Result "1/2-1/2"]
[WhiteElo "1928"]
[BlackElo "2103"]
[PlyCount "81"]
[EventDate "2019.??.??"]

1. d4 d5 2. c4 e6 3. Nc3 Nf6 4. Bg5 Be7 5. Nf3 O-O 6. e3 h6 7. Bh4 b6 8. Bd3
Bb7 9. O-O Nbd7 10. Rc1 c5 11. cxd5 Nxd5 12. Bxe7 Qxe7 13. a3 Rfd8 14. Qe2 a6
15. Nxd5 Bxd5 16. Rfd1 Bb7 17. h3 Qf6 18. Bb1 g6 19. Ba2 Bxf3 20. Qxf3 Qxf3 21.
gxf3 cxd4 22. Rxd4 Ne5 23. Rxd8+ Rxd8 24. f4 Nf3+ 25. Kg2 Nh4+ 26. Kf1 Rd2 27.
Rc8+ Kg7 28. Rc7 Kf6 29. e4 g5 30. e5+ Kg6 31. Bb1+ f5 32. Ba2 gxf4 33. Bxe6 f3
34. Kg1 Rxb2 35. Bd5 Re2 36. e6 Kg5 37. Rc6 Re1+ 38. Kh2 Re2 39. Kg1 Re1+ 40.
Kh2 Re2 41. Kg1 1/2-1/2

[Event "OLNO 1920 Greifswalder SV - SC Zitadell"]
[Site "?"]
[Date "2019.10.20"]
[Round "2.1"]
[White "Engers, Felix"]
[Black "Leisner, Hannes"]
[Result "1/2-1/2"]
[WhiteElo "2189"]
[BlackElo "2271"]
[PlyCount "94"]
[EventDate "2019.??.??"]

1. c4 Nf6 2. g3 g6 3. b3 Bg7 4. Bb2 O-O 5. Bg2 d6 6. Nf3 c5 7. O-O Nc6 8. Nc3
Bd7 9. e3 Qc8 10. d4 Bh3 11. d5 Bxg2 12. Kxg2 Ne5 13. Nxe5 dxe5 14. e4 Ne8 15.
Qe2 Nd6 16. f4 exf4 17. gxf4 Qd7 18. e5 Nf5 19. Ne4 b6 20. Ng5 Qb7 21. Kg1 Rab8
22. Rfd1 b5 23. cxb5 Qxb5 24. Qxb5 Rxb5 25. Rac1 c4 26. Rc3 cxb3 27. Rxb3 Rxb3
28. axb3 Rb8 29. Rd3 Rb4 30. Bc1 h6 31. Nf3 Kf8 32. Kf2 Ke8 33. Bd2 Rb5 34. b4
f6 35. Bc3 fxe5 36. Nxe5 g5 37. fxg5 hxg5 38. Nc6 Bxc3 39. Rxc3 Rxd5 40. Nxa7
Rd2+ 41. Kg1 Rb2 42. Nc6 Kd7 43. Ne5+ Ke6 44. Nd3 Rb1+ 45. Rc1 Rxc1+ 46. Nxc1
Kd5 47. Kf2 g4 1/2-1/2

[Event "OLNO 1920 Greifswalder SV - SC Zitadell"]
[Site "?"]
[Date "2019.10.20"]
[Round "2.2"]
[White "Stubbe, Wilko"]
[Black "Perestjuk, Marko"]
[Result "1/2-1/2"]
[WhiteElo "2222"]
[BlackElo "2125"]
[PlyCount "99"]
[EventDate "2019.??.??"]

1. e4 c5 2. Nf3 d6 3. Bb5+ Bd7 4. Bxd7+ Qxd7 5. O-O Nf6 6. Re1 Nc6 7. d4 cxd4
8. Nxd4 g6 9. c4 Bg7 10. Nc3 O-O 11. Bg5 Rac8 12. Nf3 Rfd8 13. Rc1 Qe6 14. b3
h6 15. Bxf6 Bxf6 16. Nd5 Bg7 17. h3 Kf8 18. Qe2 b6 19. Rcd1 Qd7 20. Qe3 Qb7 21.
Qf4 b5 22. Ne3 bxc4 23. Nxc4 Qa6 24. Rd2 Kg8 25. Red1 Qb5 26. Rd5 Qa6 27. e5 g5
28. Qe3 dxe5 29. Rxd8+ Rxd8 30. Rxd8+ Nxd8 31. Qd2 Nc6 32. Qd7 Bf6 33. Ne3 e6
34. h4 Nd4 35. Nxd4 exd4 36. Ng4 Kg7 37. Nxf6 Kxf6 38. hxg5+ Kxg5 39. Qxd4 Qxa2
40. Qg7+ Kf5 41. Qxf7+ Ke5 42. f4+ Kd6 43. Qf8+ Kd5 44. Qb8 Qa1+ 45. Kh2 Qf6
46. Qb7+ Kd6 47. Qb4+ Kd5 48. Qc4+ Kd6 49. g3 Qf5 50. Qa6+ {(=)} 1/2-1/2

[Event "OLNO 1920 Greifswalder SV - SC Zitadell"]
[Site "?"]
[Date "2019.10.20"]
[Round "2.3"]
[White "Kropman, Alexei"]
[Black "Fromm, Marius"]
[Result "1/2-1/2"]
[WhiteElo "2118"]
[BlackElo "2124"]
[PlyCount "69"]
[EventDate "2019.??.??"]

1. e4 e5 2. Nf3 Nc6 3. Bc4 Bc5 4. c3 Nf6 5. d3 a6 6. O-O d6 7. Bb3 Ba7 8. h3 h6
9. Re1 O-O 10. Nbd2 Be6 11. Nf1 Re8 12. Bxe6 fxe6 13. Ng3 Qd7 14. Be3 Bxe3 15.
Rxe3 Rf8 16. d4 exd4 17. Nxd4 Nxd4 18. cxd4 Rf7 19. Rc1 Raf8 20. f3 Kh8 21. Rb3
c6 22. Qd2 d5 23. e5 Nh7 24. Ne2 Qe7 25. Qd3 Ng5 26. Qg6 Rf5 27. Kh2 Ne4 28. f4
Qf7 29. Qxf7 R5xf7 30. g3 g5 31. Rc2 Kg7 32. Nc3 Nxc3 33. bxc3 Kg6 34. fxg5
hxg5 35. Kg2 {(=)} 1/2-1/2

[Event "OLNO 1920 Greifswalder SV - SC Zitadell"]
[Site "?"]
[Date "2019.10.20"]
[Round "2.4"]
[White "Skibbe, Willi"]
[Black "Van der Veen, Terry"]
[Result "1-0"]
[WhiteElo "2216"]
[BlackElo "2086"]
[PlyCount "55"]
[EventDate "2019.??.??"]

1. f4 d5 2. Nf3 Nc6 3. d4 Bg4 4. e3 f6 5. c4 e5 6. Nc3 exd4 7. Nxd5 Qd7 8. Be2
dxe3 9. Bxe3 Nge7 10. Qb3 Na5 11. Qc3 Nxd5 12. cxd5 Bxf3 13. Bxf3 Qa4 14. Bd2
O-O-O 15. Qxa5 Re8+ 16. Kf2 Qd4+ 17. Kg3 Bc5 18. Rhf1 g5 19. Qc3 h5 20. Qxd4
Bxd4 21. fxg5 fxg5 22. Bxg5 Bxb2 23. Rab1 Be5+ 24. Kh3 Reg8 25. Bh4 b6 26. Rfe1
Bd6 27. Rbc1 Rh6 28. Re6 1-0

[Event "OLNO 1920 Greifswalder SV - SC Zitadell"]
[Site "?"]
[Date "2019.10.20"]
[Round "2.5"]
[White "Schwedek, Tony"]
[Black "Weber, Max"]
[Result "0-1"]
[WhiteElo "1971"]
[BlackElo "2230"]
[PlyCount "118"]
[EventDate "2019.??.??"]

1. c4 c5 2. g3 Nc6 3. Bg2 g6 4. Nc3 Bg7 5. Nf3 e6 6. d4 cxd4 7. Nb5 d5 8. cxd5
Qa5+ 9. Nd2 Qxb5 10. dxc6 Ne7 11. Qb3 Qxb3 12. axb3 Nxc6 13. Nc4 O-O 14. O-O e5
15. Nb6 Rb8 16. Nxc8 Rfxc8 17. Bd2 a6 18. Rfc1 Bf8 19. Rc4 Nd8 20. Rac1 Rxc4
21. Rxc4 Ne6 22. Bd5 Bd6 23. e3 Nc7 24. Bf3 Ne6 25. Bd5 Nc7 26. Bf3 Nb5 27. Kf1
Kf8 28. Ba5 Ke7 29. Bb6 dxe3 30. Bxe3 f5 31. Bd1 Kd7 32. g4 f4 33. Bb6 Rc8 34.
Bf3 Rb8 35. h4 Bc7 36. Bc5 Bd6 37. Bb6 Bc7 38. Bc5 b6 39. Bb4 Nd4 40. Bd5 Bd6
41. Be1 Rc8 42. Bb7 Rxc4 43. bxc4 a5 44. Bd5 Bb4 45. Bxb4 axb4 46. Kg2 h6 47.
g5 hxg5 48. hxg5 Ne6 49. Be4 Nxg5 50. Bxg6 e4 51. Kf1 Kd6 52. Be8 Kc5 53. Bb5
Kd4 54. Ke2 Nf3 55. Ba6 Ne5 56. b3 Nd3 57. f3 e3 58. c5 Nxc5 59. Bc4 Kc3 0-1

[Event "OLNO 1920 Greifswalder SV - SC Zitadell"]
[Site "?"]
[Date "2019.10.20"]
[Round "2.6"]
[White "Stopsack, Malte"]
[Black "Boettcher, Patrick"]
[Result "1-0"]
[WhiteElo "2219"]
[BlackElo "2127"]
[PlyCount "63"]
[EventDate "2019.??.??"]

1. e4 e5 2. Nc3 Nf6 3. g3 d5 4. exd5 Nxd5 5. Bg2 Nxc3 6. bxc3 Nc6 7. Rb1 Bc5 8.
Ne2 O-O 9. O-O Qd6 10. d4 Bb6 11. d5 Rd8 12. Bg5 Ne7 13. c4 h6 14. Bd2 Bf5 15.
Nc3 Qg6 16. Rb2 Bc5 17. Rxb7 Bxc2 18. Qe1 Rab8 19. Rxb8 Rxb8 20. Qxe5 Qd3 21.
Ne4 Qxc4 22. Bxh6 Qd4 23. Bxg7 Bxe4 24. Bxe4 Qxe5 25. Bxe5 Rb4 26. Re1 Bd6 27.
Bf6 Ra4 28. Re2 Ng6 29. f4 Nf8 30. h4 Nd7 31. Ba1 f6 32. Bf5 1-0

[Event "OLNO 1920 Greifswalder SV - SC Zitadell"]
[Site "?"]
[Date "2019.10.20"]
[Round "2.7"]
[White "Olivares, Eduardo"]
[Black "Lange, Jannis"]
[Result "1-0"]
[WhiteElo "2050"]
[BlackElo "2080"]
[PlyCount "85"]
[EventDate "2019.??.??"]

1. e4 c5 2. Nc3 Nc6 3. f4 e6 4. Nf3 d5 5. Bb5 Nge7 6. exd5 exd5 7. Qe2 Bg4 8.
Bxc6+ bxc6 9. b3 g6 10. Ba3 Qa5 11. Na4 O-O-O 12. Qf2 Bxf3 13. Qxf3 Nf5 14.
O-O-O c4 15. Bb2 Bg7 16. Bxg7 Nxg7 17. Rhe1 Ne6 18. g4 Nc5 19. Nxc5 Qxc5 20.
Qc3 h5 21. g5 Rhe8 22. Qf6 d4 23. Rxe8 Rxe8 24. Qxf7 Re2 25. Kb1 Qd5 26. Qxg6
d3 27. Qf6 dxc2+ 28. Kxc2 Rxh2 29. g6 Qd3+ 30. Kc1 cxb3 31. Qxc6+ Kd8 32. Qa8+
Kc7 33. Qxa7+ Kc6 34. Qa4+ Kc5 35. Qxb3 Qxg6 36. Qc2+ Qxc2+ 37. Kxc2 Rf2 38.
Rh1 Rxf4 39. Rxh5+ Kb4 40. Rh3 Rg4 41. Rb3+ Kc5 42. Kc3 Rf4 43. Kb2 1-0

[Event "OLNO 1920 Greifswalder SV - SC Zitadell"]
[Site "?"]
[Date "2019.10.20"]
[Round "2.8"]
[White "Kuersten, Ruediger"]
[Black "Riedel, Hartmut"]
[Result "1/2-1/2"]
[WhiteElo "2183"]
[BlackElo "1888"]
[PlyCount "125"]
[EventDate "2019.??.??"]

1. d4 Nf6 2. Nf3 g6 3. g3 Bg7 4. Bg2 O-O 5. O-O d6 6. a4 Nbd7 7. a5 a6 8. Nc3
e5 9. dxe5 dxe5 10. Be3 Qe7 11. h3 Nb8 12. Qc1 Nc6 13. Rd1 Be6 14. Ng5 Bf5 15.
g4 Be6 16. Nxe6 Qxe6 17. Nd5 Rac8 18. Nxf6+ Bxf6 19. Bd5 Qe7 20. c3 Rfd8 21. g5
Bg7 22. b4 Rxd5 23. Rxd5 Qe6 24. Qd1 Qxh3 25. Qf1 Qe6 26. Rad1 Nd4 27. cxd4
Qxd5 28. dxe5 Qxe5 29. Qh3 Re8 30. Rd7 Bf8 31. Qf3 Qe6 32. Rd4 c6 33. Rh4 Rd8
34. Bd4 Qf5 35. Qxf5 gxf5 36. Be3 Kg7 37. Kg2 Kg6 38. Rc4 Rd5 39. f4 Be7 40.
Kf3 f6 41. gxf6 Kxf6 42. Bd4+ Ke6 43. Bc5 Rd1 44. e4 Bxc5 45. bxc5 Rd3+ 46. Ke2
Rd7 47. e5 h5 48. Kf2 h4 49. Kg2 Kd5 50. Rc1 Rg7+ 51. Kh3 Rg4 52. Rd1+ Kxc5 53.
e6 Rg8 54. Kxh4 b5 55. axb6 Kxb6 56. Kh5 c5 57. Rd6+ Kc7 58. Rxa6 c4 59. Ra4
Kd6 60. Rxc4 Kxe6 61. Rc6+ Kf7 62. Rc5 Kf6 63. Rc6+ 1/2-1/2